New thinking in organisational behaviour (Record no. 78794)
[ view plain ]
| 000 -LEADER | |
|---|---|
| fixed length control field | 01065nam a2200229 a 4500 |
| 008 - FIXED-LENGTH DATA ELEMENTS--GENERAL INFORMATION | |
| fixed length control field | 120416s1994 ||||||||||||||||| || u |
| 020 ## - INTERNATIONAL STANDARD BOOK NUMBER | |
| International Standard Book Number | 0750617632 |
| 050 ## - LIBRARY OF CONGRESS CALL NUMBER | |
| Classification number | HD 58.7 Tso |
| 100 ## - MAIN ENTRY--PERSONAL NAME | |
| Personal name | Tsoukas, Haridimos |
| 245 10 - TITLE STATEMENT | |
| Title | New thinking in organisational behaviour |
| 246 ## - | |
| -- | from social engineering to reflective action |
| 260 ## - PUBLICATION, DISTRIBUTION, ETC. | |
| Place of publication, distribution, etc. | Oxford |
| Name of publisher, distributor, etc. | Butterworth-Heinemann |
| Date of publication, distribution, etc. | 1994 |
| 300 ## - PHYSICAL DESCRIPTION | |
| Extent | xi, 254 p. : ill. |
| 350 ## - | |
| -- | 0.00 |
| 490 ## - | |
| -- | Management readers |
| 500 ## - GENERAL NOTE | |
| General note | Includes bibliographies and index. |
| 650 #0 - SUBJECT ADDED ENTRY--TOPICAL TERM | |
| Topical term or geographic name entry element | MANAGEMENT |
| 650 ## - SUBJECT ADDED ENTRY--TOPICAL TERM | |
| Topical term or geographic name entry element | ORGANIZATIONAL BEHAVIOUR |
| 995 ## - | |
| -- | MAIN LIBRARY OPEN ACCESS |
| -- | 0.00 |
| -- | 730227 |
| -- | CBU-MAIN LIBRARY (Kitwe) |
| -- | 3 |
| -- | 34.95 |
| -- | HD 58.7 Tso |
| -- | 3 |
| -- | AVAILABLE |
| -- | 027250 |
| -- | Main Library Open Access Collection |
| 995 ## - | |
| -- | ANNEX COLLECTION (Main Library) |
| -- | 0.00 |
| -- | 730225 |
| -- | CBU-MAIN LIBRARY (Kitwe) |
| -- | 1 |
| -- | 34.95 |
| -- | HD 58.7 Tso |
| -- | 1 |
| -- | AVAILABLE |
| -- | 027101 |
| -- | Annex Low-Usage Collection |
| 995 ## - | |
| -- | MAIN LIBRARY OPEN ACCESS |
| -- | 0.00 |
| -- | 730226 |
| -- | CBU-MAIN LIBRARY (Kitwe) |
| -- | 2 |
| -- | 34.95 |
| -- | HD 58.7 Tso |
| -- | 2 |
| -- | AVAILABLE |
| -- | 027102 |
| -- | Main Library Open Access Collection |
| 999 ## - | |
| -- | 78794 |
| -- | 78794 |
| Withdrawn status | Lost status | Source of classification or shelving scheme | Damaged status | Not for loan | Permanent Location | Current Location | Shelving location | Date acquired | Total Checkouts | Full call number | Barcode | Date last seen | Copy number | Price effective from | Koha item type |
|---|---|---|---|---|---|---|---|---|---|---|---|---|---|---|---|
| CBU-MAIN LIBRARY, KITWE. | CBU-MAIN LIBRARY, KITWE. | 06/06/2023 | HD 58.7 Tso | 027250 | 06/06/2023 | 1 | 06/06/2023 | MONOGRAPH | |||||||
| CBU-MAIN LIBRARY, KITWE. | CBU-MAIN LIBRARY, KITWE. | 06/06/2023 | HD 58.7 Tso | 027101 | 06/06/2023 | 2 | 06/06/2023 | MONOGRAPH | |||||||
| CBU-MAIN LIBRARY, KITWE. | CBU-MAIN LIBRARY, KITWE. | 06/06/2023 | HD 58.7 Tso | 027102 | 06/06/2023 | 3 | 06/06/2023 | MONOGRAPH |